|
|
|
|
| LEADER |
01424nam a2200325 a 4500 |
| 001 |
39283 |
| 003 |
BD-DhAAL |
| 008 |
220803t1958 nyu b 001 0 eng d |
| 999 |
|
|
|c 44734
|d 44734
|
| 010 |
|
|
|a 89209171
|
| 040 |
|
|
|a DLC
|c DLC
|d DLC
|d BD-DhAAL
|
| 043 |
|
|
|a n-us---
|
| 050 |
0 |
0 |
|a E806
|b .S344 1987
|
| 082 |
0 |
0 |
|a 973.917
|2 20
|
| 100 |
1 |
|
|a Schlesinger, Arthur M.,
|c Jr.
|q (Arthur Meier),
|d 1917-2007.
|9 50581
|
| 245 |
1 |
4 |
|a The coming of the New Deal /
|c Arthur M. Schlesinger, Jr.
|
| 260 |
|
|
|a Boston :
|b Houghton Mifflin,
|c c1958.
|
| 300 |
|
|
|a xii, 669 pages ;
|c 22 cm.
|
| 500 |
|
|
|a Reprint. Originally published: 1958. (The Age of Roosevelt ; v. 2).
|
| 500 |
|
|
|a "Notes from history" (1 leaf) inserted.
|
| 504 |
|
|
|a Includes bibliographical references (pages [589]-639).
|
| 541 |
|
|
|a Donated By Akbar Ali Khan
|e 39283
|
| 600 |
1 |
0 |
|a Roosevelt, Franklin D.
|q (Franklin Delano),
|d 1882-1945.
|9 50582
|
| 650 |
|
0 |
|a New Deal, 1933-1939.
|9 50583
|
| 650 |
|
0 |
|a Depressions
|y 1929
|z United States.
|9 50584
|
| 651 |
|
0 |
|a United States
|x History
|y 1933-1945.
|9 50585
|
| 800 |
1 |
|
|a Schlesinger, Arthur M.,
|c Jr.
|q (Arthur Meier),
|d 1917-2007.
|t Age of Roosevelt ;
|v v. 2.
|9 50586
|
| 852 |
|
|
|a Ayesha Abed Library
|c Akbar Ali Khan Collection
|
| 942 |
|
|
|2 ddc
|c BK
|
| 952 |
|
|
|0 0
|1 0
|2 ddc
|4 0
|6 973_917000000000000_SCH
|7 1
|9 71461
|a BRACUL
|b BRACUL
|c AAKC
|d 2022-08-03
|e Donated by Akbar Ali Khan
|l 0
|o 973.917 SCH
|p 3010039283
|r 2022-08-03
|t 1
|w 2022-08-03
|y BK
|